[Event "EWCCC Online Final 2020"]
[Site "Online"]
[Date "2020.12.21"]
[Round "2.5"]
[White "Cramling, Pia"]
[Black "Ushenina, Anna"]
[Result "1-0"]
[WhiteElo "2459"]
[BlackElo "2416"]
[Annotator "TA"]
[PlyCount "127"]
[EventDate "2020.12.19"]
[EventType "team-tourn"]
[EventCountry "NET"]
[SourceTitle "playchess.com"]
[Source "ChessBase"]
[SourceQuality "1"]

{[%evp 21,127,0,0,0,14,-7,0,-39,2,0,41,20,49,45,58,59,63,39,56,0,14,14,16,16,18,18,17,19,64,77,77,70,88,86,88,88,88,79,81,64,61,61,73,66,74,62,69,76,68,76,403,384,539,480,587,570,591,581,469,131,744,720,731,721,693,718,656,583,744,735,723,723,1447,1566,29960,3532,2920,1968,29964,3544,29962,2427,29962,29964,29958,29960,5864,1413,3965,2841,5616,1527,5604,5579,5193,4284,5999,5867,4552,4133,29980,29980,29973,29969,29981,29982,29980,29980]} 1. Nf3 d5 2. d4 Nf6 3. c4 dxc4 4. e3 e6 5. Bxc4 c5 6. O-O cxd4 7. exd4 Be7 8. Nc3 O-O 9. Re1 Nc6 10. Bg5 b6 11. a3 Bb7 12. Ba2 {E57: Nimzo-Indian: Rubinstein: Main Line: 7...Nc6 8 a3 dxc4 9 Bxc4 cxd4.} Nd5 13. h4 Bxg5 {[#]} 14. hxg5 $146 {The position is equal.} ({Predecessor:} 14. Nxg5 h6 15. Bxd5 exd5 16. Nf3 Bc8 17. Qd2 Bg4 18. Ne5 Nxe5 19. Rxe5 Qxh4 20. Qf4 {1-0 (45) Torman,E (2335)-Dowling,J (2182) Eastpointe 1994}) 14... Nce7 15. Ne5 Ng6 16. Qg4 Ndf4 17. Nxg6 Nxg6 18. Rad1 Re8 19. Re3 {d5 is the strong threat.} Qd6 $1 20. Ne4 ({Better is} 20. Bb1 $14) 20... Qf4 21. Qxf4 Nxf4 22. Nd6 {[%mdl 64] [#] Double Attack} Re7 23. Nxb7 Rxb7 24. g3 $36 {[%mdl 2048] Black is under pressure.} Nd5 25. Bxd5 exd5 $14 {[%mdl 4096] Endgame KRR-KRR} 26. Rc1 Kf8 27. Re5 Rd7 28. Kg2 g6 29. Kf3 Kg7 30. Rc6 h6 31. gxh6+ Kxh6 32. g4 Kg7 33. Kg3 Rh8 34. Rc1 f6 35. Re6 Kf7 $2 {[%mdl 8192]} (35... g5 $16 {is a better chance.}) 36. Rcc6 $18 f5 (36... g5 {was called for.} 37. Rxf6+ Ke8 38. Rfe6+ Kf7 39. Rf6+ Ke8) 37. g5 f4+ 38. Kg4 Rh2 39. Rf6+ Ke7 40. Rxf4 $2 (40. f3 $18 {and White stays clearly on top.}) 40... Rd6 $2 {[%mdl 8192] Loses the game.} (40... Rg2+ $16 41. Kh4 Rd8 42. Rxg6 Rh8+ 43. Rh6 Rh2+ 44. Kg3 R8xh6 45. gxh6 Rxh6) 41. Rxd6 Kxd6 {KR-KR} 42. Kg3 Rh1 43. Rf6+ {[%mdl 64] [#] Double Attack} Ke7 44. Rxg6 Rb1 45. Rg7+ Ke6 46. Rxa7 Rxb2 47. g6 {Threatening mate with g7.} Rb1 48. g7 Rg1+ 49. Kf4 Kf6 50. Rb7 (50. a4 $142 Rg6 51. Rd7 Rg1 52. Rc7 Rg2 53. Rb7 Rg1 54. f3 Rg2 55. Rxb6+ Kxg7 56. a5) 50... Rg2 51. f3 (51. a4 $142 Rg1 52. f3 Rg2 53. Rxb6+ Kxg7 54. a5 Kf8 55. a6 Ra2 56. Ke5) 51... Rg1 52. a4 Rg2 53. Rxb6+ Kxg7 54. Rb5 (54. a5 $142 Kf7 55. a6) 54... Ra2 55. a5 Kf6 56. Rxd5 (56. Rb6+ $142 Ke7 57. a6) 56... Ra1 57. Rd6+ Ke7 58. Ra6 Rd1 59. Ke5 Re1+ 60. Kd5 Kf7 61. Ra7+ {White mates.} Kg6 62. a6 {[%cal Ba5a6,Ba6a7][%mdl 32]} Ra1 63. Ra8 Kg7 64. a7 {Weighted Error Value: White=0.31/Black=0.88} 1-0

[Event "EWCCC Online Final 2020"]
[Site "Online"]
[Date "2020.12.21"]
[Round "2.5"]
[White "Buksa, Nataliya"]
[Black "Paehtz, Elisabeth"]
[Result "1/2-1/2"]
[WhiteElo "2413"]
[BlackElo "2467"]
[Annotator "ChessBase"]
[PlyCount "112"]
[EventDate "2020.12.19"]
[EventType "team-tourn"]
[EventCountry "NET"]
[SourceTitle "playchess.com"]
[Source "ChessBase"]
[SourceQuality "1"]
[TimeControl "900+5"]

1. e4 {[%emt 0:00:00]} c5 {[%emt 0:00:03]} 2. c3 {[%emt 0:00:03]} d5 {[%emt 0:00:06]} 3. exd5 {[%emt 0:00:02]} Qxd5 {[%emt 0:00:01]} 4. d4 {[%emt 0:00:01]} g6 {[%emt 0:00:02]} 5. Nf3 {[%emt 0:00:02]} Bg7 {[%emt 0:00:11]} 6. Nbd2 {[%emt 0:00:05]} cxd4 {[%emt 0:00:04]} 7. Bc4 {[%emt 0:00:02]} Qd8 {[%emt 0:00:47]} 8. Nxd4 {[%emt 0:00:03]} Nf6 {[%emt 0:00:22]} 9. O-O {[%emt 0:00:02]} O-O {[%emt 0:00:02]} 10. Qe2 {[%emt 0:00:09]} Bg4 {[%emt 0:00:27]} 11. N2f3 {[%emt 0:01:08]} Qc7 {[%emt 0:00:44]} 12. h3 {[%emt 0:00:59]} Bxf3 {[%emt 0:00:11]} 13. Nxf3 {[%emt 0:00:02]} Nc6 {[%emt 0:00:05]} 14. a4 {[%emt 0:03:07]} Nh5 {[%emt 0:00:23]} 15. Qe4 {[%emt 0:00:44]} Rad8 {[%emt 0:00:25]} 16. Bg5 {[%emt 0:00:34]} Qb6 {[%emt 0:00:58]} 17. Qc2 {[%emt 0:00:38]} Qc5 {[%emt 0:00:29]} 18. Bb3 {[%emt 0:00:20]} Rc8 {[%emt 0:01:26]} 19. Be3 {[%emt 0:00:46]} Qa5 {[%emt 0:00:03]} 20. Rad1 {[%emt 0:00:19]} Qc7 {[%emt 0:00:09]} 21. Qe4 {[%emt 0:00:11]} a6 {[%emt 0:00:40]} 22. Rfe1 {[%emt 0:01:02]} Nf6 {[%emt 0:00:45]} 23. Qh4 {[%emt 0:00:02]} Na5 {[%emt 0:00:04]} 24. Ba2 {[%emt 0:01:40]} Rcd8 {[%emt 0:00:30]} 25. Qb4 {[%emt 0:00:19]} Nc6 {[%emt 0:00:09]} 26. Qb6 {[%emt 0:00:03]} Qc8 {[%emt 0:00:19]} 27. Ng5 {[%emt 0:00:18]} Rxd1 {[%emt 0:00:30]} 28. Rxd1 {[%emt 0:00:02]} h6 {[%emt 0:00:12]} 29. Nf3 {[%emt 0:00:13]} g5 {[%emt 0:00:50]} 30. Qb3 {[%emt 0:00:38]} Na5 {[%emt 0:00:48]} 31. Qb4 {[%emt 0:00:04]} Nc6 {[%emt 0:00:02]} 32. Qc4 {[%emt 0:00:04]} e6 {[%emt 0:00:25]} 33. Bb1 {[%emt 0:00:54]} Rd8 {[%emt 0:00:09]} 34. Rxd8+ {[%emt 0:00:04]} Qxd8 {[%emt 0:00:02]} 35. Qd3 {[%emt 0:00:01]} Qxd3 {[%emt 0:00:34]} 36. Bxd3 {[%emt 0:00:02]} Nd5 {[%emt 0:00:02]} 37. Bc5 {[%emt 0:00:06]} Bf8 {[%emt 0:00:04]} 38. Bxf8 {[%emt 0:00:29]} Kxf8 {[%emt 0:00:02]} 39. Be4 {[%emt 0:00:01]} Nb6 {[%emt 0:01:18]} 40. b3 {[%emt 0:01:38]} Ke7 {[%emt 0:00:29]} 41. Kf1 {[%emt 0:00:37]} Kd6 {[%emt 0:00:07]} 42. Ke2 {[%emt 0:00:02]} f5 {[%emt 0:00:19]} 43. Bxc6 {[%emt 0:00:03]} bxc6 {[%emt 0:00:10]} 44. g3 {[%emt 0:00:37]} c5 {[%emt 0:00:12]} 45. Nd2 {[%emt 0:00:08]} a5 {[%emt 0:00:46]} 46. Kd3 {[%emt 0:00:10]} Kd5 {[%emt 0:00:04]} 47. f4 {[%emt 0:00:12]} gxf4 {[%emt 0:00:38]} 48. gxf4 {[%emt 0:00:02]} e5 {[%emt 0:00:01]} 49. fxe5 {[%emt 0:00:12]} Kxe5 {[%emt 0:00:34]} 50. Ke3 {[%emt 0:00:01]} Nd5+ {[%emt 0:00:52]} 51. Kf3 {[%emt 0:00:01]} Nb6 {[%emt 0:00:09]} 52. h4 {[%emt 0:00:04]} h5 {[%emt 0:00:04]} 53. Ke3 {[%emt 0:00:07]} Nd5+ {[%emt 0:00:04]} 54. Kf3 {[%emt 0:00:01]} Nb6 {[%emt 0:00:02]} 55. Ke3 {[%emt 0:00:09]} Nd5+ {[%emt 0:00:07]} 56. Kf3 {[%emt 0:00:02]} Nb6 {[%emt 0:00:11]} 1/2-1/2

[Event "EWCCC Online Final 2020"]
[Site "Online"]
[Date "2020.12.21"]
[Round "3.1"]
[White "Muzychuk, Mariya"]
[Black "Zawadzka, Jolanta"]
[Result "1-0"]
[WhiteElo "2544"]
[BlackElo "2399"]
[Annotator "TA"]
[PlyCount "79"]
[EventDate "2020.12.19"]
[EventType "team-tourn"]
[EventCountry "NET"]
[SourceTitle "playchess.com"]
[Source "ChessBase"]
[SourceQuality "1"]

{[%evp 9,79,17,23,20,22,8,8,14,19,20,25,25,31,4,10,0,31,0,0,5,23,-12,-6,-105,-48,-56,-64,-57,-53,-56,-32,-43,-52,-77,-61,-85,-32,-147,-13,-20,-18,-19,32,32,56,50,135,26,47,0,0,0,16,0,299,291,293,306,300,278,345,343,326,314,12840,12841,29983,29983,29994,29995,29995,29996]} 1. e4 e5 2. Nf3 Nc6 3. Bc4 Bc5 4. c3 Nf6 5. d3 a6 6. a4 {C54: Giuoco Piano: 4 c3 Nf6, main lines with 5 d4 and 5 d3.} O-O 7. Bg5 h6 8. Bh4 {The position is equal.} Be7 9. Nbd2 {[%cal Bb1d2,Bd2f1,Bf1e3][%mdl 32]} d6 {[#]} 10. Nf1 $146 ({Predecessor:} 10. Bg3 Be6 11. Bxe6 fxe6 12. O-O Nh5 13. Nxe5 dxe5 14. Qxh5 Qxd3 15. Rfd1 Rad8 16. Qg4 {1-0 (39) Sethuraman,S (2632)-Hirneise,T (2459) Germany 2017}) 10... Nh7 11. Bxe7 (11. Bg3 {feels hotter.} Bg4 12. h3 Bh5 13. Bh2 Ng5 14. g4) 11... Nxe7 12. Ne3 c6 13. Bb3 Ng6 14. d4 Qf6 15. Qd2 Nf4 16. g3 (16. Ng1 $11 {remains equal.}) 16... Ng2+ (16... Ne6 $17 17. Bd1 exd4 18. Nxd4 Nxd4 19. Qxd4 Re8 20. Qxf6 Nxf6) 17. Ke2 $15 {Black must now prevent dxe5.} Nxe3 18. dxe5 dxe5 19. Qxe3 Bh3 20. Nd2 Rad8 21. f3 Ng5 22. Rhd1 Rd7 (22... Bg2 $17) 23. Nc4 (23. Nf1 $15) 23... Rfd8 (23... b5 $1 $17 {Threatens to win with ...Rxd1.} 24. Na5 Rc7) 24. Rxd7 $11 Rxd7 25. Rd1 Rxd1 (25... b5 $11 26. Nd2 Qg6) 26. Bxd1 $14 h5 {aiming for ...Nxf3!} 27. Nd2 Be6 {[#]} ({Better is} 27... Qe7 $14) 28. h4 (28. Qa7 $1 $16) 28... Nh7 29. b4 g5 30. hxg5 Nxg5 31. Bb3 Nxf3 $2 {[%mdl 8192]} (31... b5 $11) 32. Bxe6 $18 ({Not} 32. Qxf3 $2 Bg4 $19) 32... Nxd2 {[#]} 33. Ba2 $1 Nf1 34. Qg1 Qg6 35. Qxf1 Qxe4+ 36. Kd2 Kh8 $2 (36... Qg6 37. Qe1 Qf6) 37. Qxf7 {[%csl Ga2][%cal Rf7g8][%mdl 64] Double Attack} Qg2+ {[#]} 38. Kc1 $1 {[%csl Ga2][%cal Rf7g8] White mates.} Qxg3 39. Qf8+ Kh7 40. Bb1+ {Weighted Error Value: White=0.22/Black=0.66} 1-0

[Event "EWCCC Online Final 2020"]
[Site "Online"]
[Date "2020.12.21"]
[Round "3.1"]
[White "Osmak, Iulija"]
[Black "Antolak, Julia"]
[Result "1-0"]
[WhiteElo "2438"]
[BlackElo "2307"]
[Annotator "TA"]
[PlyCount "89"]
[EventDate "2020.12.19"]
[EventType "team-tourn"]
[EventCountry "NET"]
[SourceTitle "playchess.com"]
[Source "ChessBase"]
[SourceQuality "1"]

{[%evp 20,88,21,7,19,0,25,-23,0,0,2,0,0,-4,0,0,32,0,0,-2,37,0,0,0,29,25,60,62,51,41,51,9,112,61,116,55,110,112,133,109,171,164,192,85,133,133,133,133,133,145,129,154,392,274,515,536,635,599,2101,651,29983,12838,29991,29987,29990,2463,29993,29994,29994,29994,29999]} 1. c4 e5 2. g3 Nf6 3. Bg2 d5 4. cxd5 Nxd5 5. Nc3 Nb6 6. Nf3 Nc6 7. O-O Be7 8. a3 O-O 9. b4 Re8 10. d3 Bf8 11. Be3 Bg4 {A29: English Opening: Four Knights Variation with 4 g3.} 12. h3 Bh5 13. Rc1 Nd4 {Black has an edge.} 14. g4 Bg6 15. Bxd4 exd4 16. Nb5 {[%mdl 64] [#] Double Attack} Nd5 $146 ({Predecessor:} 16... c6 17. Nbxd4 Nd5 18. Qd2 Bd6 19. e3 Rc8 20. Nb3 f5 21. gxf5 Bh5 22. Nbd4 a5 {½-½ (64) Jalloul,M (1874)-Razan,A (1769) Dubai 2018}) 17. Nbxd4 ({But not} 17. Nfxd4 c6 $17) 17... Nf4 18. Qd2 (18. e3 $5 {[%cal Re3f4]} Nxg2 19. Kxg2 $14) 18... Bd6 19. Rfe1 c6 20. Nf5 Bxf5 21. gxf5 a5 22. Rc4 $1 {[%cal Rc4f4]} Nxg2 23. Kxg2 axb4 24. axb4 {[%cal Ba3b4,Bb4b5][%mdl 32]} Ra4 25. Rg4 Qe7 (25... Qf6 $11) 26. Rb1 (26. Qb2 $16 {[%csl Gg4][%cal Rb2g7]} Qf8 27. b5) 26... Qf6 (26... Qd7 $14) 27. e4 (27. b5 $16 Rxg4+ 28. hxg4) 27... Rea8 (27... Ra3 $14) 28. d4 $16 Bf8 29. b5 Ra2 (29... cxb5 $16 {was called for.} 30. Rxb5 Qc6) 30. Qd3 R8a3 31. Rb3 (31. e5 $1 $18 Qh6 32. Rb3) 31... Rxb3 32. Qxb3 Ra3 33. Qc4 cxb5 34. Qxb5 h5 35. Rg3 Qe7 $2 {A mistake that costs the game.} (35... Qa6 $16 36. Qxa6 Rxa6) 36. Qd5 b5 $2 (36... Qd6 37. Qxd6 (37. Qxb7 Qf4 $16) 37... Bxd6) 37. e5 $18 b4 38. f6 {Intending Rxg7+! and mate.} Qe6 {[#]} 39. Qe4 (39. Qd8 $142 $1 g6 40. d5) 39... g6 {[#]} 40. d5 (40. Rxg6+ $142 $1 {[%mdl 512]} fxg6 41. Qxg6+ {[%mdl 64] Double Attack} Kh8 42. Qxh5+ Kg8 43. Qg6+ Kh8 44. Ng5 Qd5+ 45. f3) 40... Qb6 41. e6 Ra2 42. Nd4 (42. exf7+ $142 Kh8 43. Rxg6 Qxf2+ 44. Kh1 Ra1+ 45. Ng1 Qh2+ {[%mdl 64] Decoy} 46. Kxh2 Ra2+ 47. Kh1) 42... Rd2 43. exf7+ {White mates.} Kh8 44. Rxg6 {[%csl Gf7][%cal Rg6g8]} Qxd4 45. Rg8# {Weighted Error Value: White=0.36/Black=0.89} 1-0

[Event "EWCCC Online Final 2020"]
[Site "Online"]
[Date "2020.12.21"]
[Round "3.1"]
[White "Kulon, Klaudia"]
[Black "Buksa, Nataliya"]
[Result "1/2-1/2"]
[WhiteElo "2347"]
[BlackElo "2413"]
[Annotator "TA"]
[PlyCount "77"]
[EventDate "2020.12.19"]
[EventType "team-tourn"]
[EventCountry "NET"]
[SourceTitle "playchess.com"]
[Source "ChessBase"]
[SourceQuality "1"]

{[%evp 9,77,4,7,0,11,13,9,0,7,0,0,-12,-18,-13,-2,-6,29,0,0,13,0,-4,0,0,0,-16,-16,0,0,-6,67,62,63,0,0,0,0,0,0,0,34,0,21,0,0,0,0,0,0,0,0,0,29,19,21,-18,-14,-37,-43,-97,0,0,0,0,0,0,0,-6,0,0]} 1. d4 d5 2. Nf3 Nf6 3. Bf4 g6 4. e3 Bg7 5. h3 c5 6. Nbd2 {D02: 1 d4 d5 2 Nf3 sidelines, including 2...Nf6 3 g3 and 2...Nf6 3 Bf4.} Nc6 7. c3 Nd7 {[#]} 8. Bb5 $146 ({Predecessor:} 8. Qb3 Qb6 9. Be2 O-O 10. O-O c4 11. Qa3 e5 12. dxe5 Ndxe5 13. Nxe5 Nxe5 14. Nf3 Nxf3+ 15. Bxf3 {0-1 (42) Gupta,A (2645)-Tari,A (2584) chess.com INT 2017}) 8... Qb6 9. a4 O-O 10. Bh2 a6 11. Bxc6 bxc6 12. Qb3 Qa5 13. Qa3 Qb6 14. O-O a5 15. Rfb1 cxd4 16. cxd4 c5 17. Nb3 {[%cal Rd4c5]} c4 18. Nc1 Re8 19. b3 cxb3 ({Black should play} 19... Qa6 $11) 20. Rxb3 $14 Qa7 21. Nd3 ({White should try} 21. Rc3 $14) 21... Ba6 $11 22. Nde5 Nxe5 23. Nxe5 Rac8 24. Rc3 Bf8 25. Rac1 e6 26. Rxc8 Rxc8 27. Rxc8 Bxc8 28. Qc3 Qb6 {[#] ( -> ...Qb1+)} 29. Bf4 Bb7 30. Nd7 Qc6 31. Nf6+ Kg7 32. Qxc6 (32. Qxa5 {keeps more tension.} Be7 33. Ng4 f6 34. Nh2 Kf7 35. Nf1) 32... Bxc6 {[%mdl 4096] Endgame KBB-KBN} 33. Be5 Bxa4 {White must now prevent ...Be7.} 34. Nxd5+ (34. Nd7+ $15 f6 35. Bxf6+ Kf7 36. Nxf8 Kxf6 37. Nxh7+ Kg7 38. Ng5) 34... Kg8 (34... Kh6 $17 35. Nf6 g5 36. Ng4+ Kh5) 35. Nf6+ {The position is equal.} Kh8 36. Ne8+ Kg8 37. Nf6+ Kh8 38. Ne8+ Kg8 39. Nf6+ {Weighted Error Value: White=0.10/Black=0.12} 1/2-1/2

[Event "EWCCC Online Final 2020"]
[Site "Online"]
[Date "2020.12.21"]
[Round "3.1"]
[White "Kubicka, Anna"]
[Black "Ushenina, Anna"]
[Result "1/2-1/2"]
[WhiteElo "2256"]
[BlackElo "2416"]
[Annotator "TA"]
[PlyCount "65"]
[EventDate "2020.12.19"]
[EventType "team-tourn"]
[EventCountry "NET"]
[SourceTitle "playchess.com"]
[Source "ChessBase"]
[SourceQuality "1"]

{[%evp 13,65,34,40,38,41,18,15,0,16,18,0,-15,-8,-12,-18,-85,-8,-24,-35,-24,0,0,4,0,0,-11,-13,-3,-12,-15,0,-13,0,-5,0,-15,-13,-28,-28,-30,0,0,0,0,0,-3,0,-13,0,0,0,0,0,0]} 1. e4 e5 2. Nf3 Nf6 3. Nxe5 d6 4. Nf3 Nxe4 5. Nc3 Nf6 6. d4 Be7 7. Bd3 O-O 8. h3 {8.h3 has lost popularity. C42: Petroff Defence: 3 Nxe5 and unusual White 3rd moves.} Re8 9. Be3 b6 10. Qd2 Bb7 11. O-O-O {[#]} a6 $146 ({Predecessor:} 11... Nbd7 12. Kb1 Bf8 13. Bg5 h6 14. h4 hxg5 15. hxg5 Ne4 16. Nxe4 Rxe4 17. Bxe4 Bxe4 {1-0 (28) Morera Campos,Y (1907)-Mendoza,S (1763) Batumi 2018}) 12. Kb1 b5 13. Ng5 Nbd7 14. Nce4 (14. f3 $11 {remains equal.}) 14... Nxe4 (14... c5 $17 {next ...c4 is good for Black.} 15. dxc5 dxc5) 15. Bxe4 (15. Nxe4 {seems wilder.} c5 16. dxc5 dxc5 17. f3 Qb6 18. Rhe1) 15... Bxe4 16. Nxe4 Nf6 17. Nxf6+ Bxf6 18. d5 b4 19. Bd4 ({Don't play} 19. Qxb4 Rb8 $17) 19... a5 20. Rhe1 Bxd4 21. Qxd4 Qg5 22. g3 h6 23. h4 Qf5 24. b3 Qf3 25. Qd2 Rab8 26. Qd4 Rxe1 27. Rxe1 $11 {[%mdl 4096] Endgame KQR-KQR. The position is equal.} Rb5 28. Rd1 Rc5 29. Rd3 Qe2 30. Rd2 Qf3 31. Rd3 Qh1+ 32. Rd1 Qf3 33. Rd3 {Weighted Error Value: White=0.11/Black=0.10} 1/2-1/2

[Event "EWCCC Online Final 2020"]
[Site "Online"]
[Date "2020.12.21"]
[Round "3.2"]
[White "Dzagnidze, Nana"]
[Black "Girya, Olga"]
[Result "1-0"]
[WhiteElo "2524"]
[BlackElo "2464"]
[Annotator "TA"]
[PlyCount "99"]
[EventDate "2020.12.19"]
[EventType "team-tourn"]
[EventCountry "NET"]
[SourceTitle "playchess.com"]
[Source "ChessBase"]
[SourceQuality "1"]

{[%evp 10,99,8,2,7,0,0,0,0,-12,-15,-53,119,104,97,101,102,104,145,158,143,130,154,125,144,122,121,117,119,114,125,131,252,260,269,275,269,256,273,289,283,275,264,246,330,320,342,360,345,343,342,321,487,483,484,470,450,445,412,442,537,420,413,412,654,643,644,629,629,637,613,564,680,672,775,768,767,772,1013,1000,1055,1010,982,959,1795,1694,29978,29979,29976,29977,29987,29988]} 1. c4 Nf6 2. Nf3 e6 3. Nc3 d5 4. e3 Be7 5. b3 O-O 6. Bb2 dxc4 {A13: English Opening: 1...e6.} 7. bxc4 c5 8. Qc2 b6 {[#] The position is equal.} 9. Ng5 $146 ({Predecessor:} 9. Be2 Bb7 10. Rg1 Nc6 11. a3 Na5 12. d3 Ne8 13. g4 a6 14. g5 b5 15. Rd1 {½-½ (90) Le,Q (2706)-Yu,Y (2784) Hengshui 2019}) 9... h6 10. h4 Bb7 $2 {[#]} ({Avoid the trap} 10... hxg5 $2 11. hxg5 g6 12. Bd3 $18) (10... Re8 $15 {stays ahead.}) 11. Nd5 $1 $16 {[%cal Rd5f6][%mdl 512] White leaves nothing to chance now.} exd5 ({Don't go for} 11... hxg5 $2 12. Nxf6+ Bxf6 13. hxg5 $18) (11... Bxd5 12. Bxf6) 12. Bxf6 {[%csl Gg5][%cal Rc2h7]} g6 13. Ne6 $1 $40 {[%cal Re6d8][%mdl 192] Double Attack. White attacks with force.} Qd6 {[%mdl 64] Pin} 14. Bxe7 Qxe6 15. Bxf8 Kxf8 16. cxd5 Bxd5 17. f3 Nc6 18. Kf2 Rd8 19. a3 Bb3 20. Qc3 Ne5 (20... Kg8 $16 21. h5 g5) 21. d4 $18 cxd4 22. exd4 Nc6 {[#]} 23. d5 $1 Qxd5 (23... Bxd5 24. Re1) 24. Qh8+ Ke7 25. Re1+ ({Resist} 25. Qxh6 $6 Qc5+ 26. Qe3+ Qxe3+ 27. Kxe3 Nd4 $16) 25... Kd7 26. Qxh6 Qc5+ 27. Qe3 Kc7 28. Qxc5 bxc5 29. h5 gxh5 30. Rxh5 c4 (30... Rd2+ $142 31. Ke3 Rd5) 31. Rc1 Rd2+ 32. Ke3 Ra2 33. Bxc4 Bxc4 34. Rxc4 Rxa3+ {[%mdl 4096] Endgame KRR-KRN} 35. Kf2 Ra2+ 36. Kg3 Rd2 (36... Kd7 $142 37. Rf4 Nd8 38. Rd5+ Ke7 39. Re4+ Ne6) 37. Rf5 Rd6 38. Rxf7+ Kb6 39. f4 a5 40. Re4 Nd4 41. Rf8 a4 42. Ra8 Kb5 43. Kf2 Kb4 44. f5 Kb3 45. g4 a3 46. Re3+ Kc2 47. Raxa3 Rb6 48. Ra2+ {White mates.} Kb1 49. Rd2 {[%cal Re3e1]} Nc2 50. Ree2 {Weighted Error Value: White=0.08/Black=0.38} 1-0

[Event "EWCCC Online Final 2020"]
[Site "Online"]
[Date "2020.12.21"]
[Round "3.2"]
[White "Pogonina, Natalija"]
[Black "Goryachkina, Aleksandra"]
[Result "1/2-1/2"]
[WhiteElo "2474"]
[BlackElo "2592"]
[Annotator "TA"]
[PlyCount "73"]
[EventDate "2020.12.19"]
[EventType "team-tourn"]
[EventCountry "NET"]
[SourceTitle "playchess.com"]
[Source "ChessBase"]
[SourceQuality "1"]

{[%evp 14,73,4,0,7,7,13,5,23,14,29,25,54,56,52,18,25,34,15,7,7,0,0,-5,-4,-5,-3,-5,0,0,0,-31,-25,-151,-148,-311,23,23,36,35,36,36,36,37,36,23,101,101,100,100,100,100,100,100,100,108,115,0,113,0,109,0]} 1. c4 c6 2. Nf3 d5 3. b3 Bg4 4. e3 e6 5. Be2 Nf6 6. Bb2 Nbd7 7. h3 Bh5 8. O-O Be7 {A12: English Opening: 1...c6 with b3 by White.} 9. d4 O-O 10. Nbd2 a5 {The position is equal.} 11. a3 {[#]} h6 $146 ({Predecessor:} 11... Qb8 12. Nb1 Ne4 13. Nfd2 Bxe2 14. Qxe2 Nxd2 15. Nxd2 b5 16. Rab1 a4 17. cxd5 cxd5 18. bxa4 bxa4 {1-0 (46) Piorun,K (2596)-Krasenkow,M (2605) Katowice 2020}) 12. Bd3 Bxf3 13. Qxf3 Re8 14. Rfd1 Bd6 15. Qe2 e5 16. dxe5 Bxe5 17. Bxe5 Nxe5 18. Bc2 Qe7 19. Nf3 Nxf3+ 20. Qxf3 dxc4 21. bxc4 Rad8 22. Rd4 Qc5 23. Rf4 (23. Rxd8 $11 Rxd8 24. Qf4) 23... Rd2 $17 24. Rxf6 $2 {[#]} (24. Bb3 $17) 24... Qe5 $2 ({Better is} 24... gxf6 $19 25. Qg4+ Qg5) 25. Ra2 $1 $11 Rxc2 26. Rxc2 Qxf6 27. Qxf6 gxf6 {[%mdl 4096] Endgame KR-KR} 28. Rb2 Re4 29. c5 Rc4 (29... Re7 $11 {keeps the balance.}) 30. Rxb7 $16 Rxc5 31. Ra7 Kg7 32. Kf1 Kg6 33. Ke2 Rc2+ 34. Kf3 Rc5 35. Ke2 Rc2+ $1 36. Kf3 Rc5 $1 37. Ke2 {Weighted Error Value: White=0.30/Black=0.23} (37. g3 $16) 1/2-1/2

[Event "EWCCC Online Final 2020"]
[Site "Online"]
[Date "2020.12.21"]
[Round "3.2"]
[White "Socko, Monika"]
[Black "Kovanova, Baira"]
[Result "1-0"]
[WhiteElo "2421"]
[BlackElo "2328"]
[Annotator "TA"]
[PlyCount "99"]
[EventDate "2020.12.19"]
[EventType "team-tourn"]
[EventCountry "NET"]
[SourceTitle "playchess.com"]
[Source "ChessBase"]
[SourceQuality "1"]

{[%evp 17,99,56,55,31,35,35,31,8,0,0,0,0,0,0,0,0,0,0,0,0,45,43,41,47,62,45,68,34,15,17,17,39,31,12,9,12,30,6,7,10,4,5,55,37,68,0,38,0,162,26,173,39,27,0,18,23,89,0,0,0,87,0,0,8,8,4,96,88,256,245,237,233,229,78,91,0,1,0,0,0,0,0,1956,1778]} 1. e4 e5 2. Nf3 Nc6 3. Bb5 a6 4. Bxc6 dxc6 5. O-O Bd6 6. d4 Bg4 7. dxe5 Bxf3 8. Qxf3 Bxe5 9. Nd2 Qf6 10. Qxf6 {C68: Ruy Lopez: Exchange Variation, sidelines.} Bxf6 11. Nc4 O-O-O 12. e5 {White is slightly better.} Be7 13. Be3 h5 14. Rad1 Nh6 15. Bxh6 Rxh6 16. Rxd8+ Kxd8 $11 {[%mdl 4096] Endgame KRB-KRN} 17. Rd1+ Kc8 {[#]} 18. f4 $146 ({Predecessor:} 18. g3 Rh8 19. Kg2 Rd8 20. Rxd8+ Kxd8 21. f4 g6 22. Kf3 b6 23. Ke4 Kd7 24. h3 {½-½ (59) Guimaraes,L (1891)-Petrenko,W (2009) Rio de Janeiro 2015}) 18... Bc5+ 19. Kf1 h4 20. Ke2 f6 21. Kf3 b5 22. Ne3 fxe5 $1 23. fxe5 h3 24. Ng4 Rh8 25. gxh3 Rxh3+ 26. Ke4 Rh4 27. Kf5 g6+ 28. Kf4 Rh5 29. Rd3 Rf5+ 30. Ke4 Rf1 31. Rf3 ({Better is} 31. Rc3 $1 $14 Re1+ 32. Kf4) 31... Rg1 32. h3 b4 $2 (32... Re1+ $11 {and Black stays safe.} 33. Kd3 Rh1) 33. Kd3 (33. Rf6 $18) 33... Re1 (33... Rb1 $11 {and Black is okay.}) 34. Kc4 (34. Rf6 $18) 34... Be7 $14 35. Re3 Rc1 (35... Rb1 $5 {[%cal Rb1b2]}) 36. Kb3 a5 (36... c5 $11 {keeps the balance.}) 37. Re2 (37. e6 $1 $16) 37... Rh1 $11 38. Re3 (38. Ka4 $11) 38... Rc1 $16 39. Nf6 (39. e6 $16) 39... a4+ $11 40. Kxa4 {Threatening Ng8.} Rxc2 41. Kb3 Rc1 (41... Rg2 $11 {remains equal.}) 42. Ng8 $1 $16 {[%cal Rg8e7]} Bc5 $2 (42... Bg5 $16 43. Re2 Rh1) 43. Re2 Rf1 {[#]} 44. e6 $1 {[%cal Re6e7] e7 is the strong threat.} Rf8 45. Nh6 $2 (45. Kc4 $18) 45... Kd8 {[#]} 46. Kc4 (46. Nf7+ $1 $16 Ke7 47. Ne5) 46... Bd6 $11 47. Ng4 Ke7 48. Re3 Rf4+ 49. Kb3 Rf2 $2 {[%mdl 8192]} (49... c5 $11) 50. Nxf2 {Weighted Error Value: White=0.29/Black=0.28} 1-0